000 00597cam a22001337a 4500
008 180718b1983 xxu||||| |||| 00| 0 eng d
082 _aB12421x54 In2m
245 _aReport on minorities
_cby High Power Panel on Minorities, Scheduled Castes, Scheduled Tribes and other Weaker Sections, Ministry of Home Affairs
260 _aDelhi
_bThe Controller of Publications
_c1983
300 _a2v.
500 _aContents: v.1. 144p;v.2. 205+p.
650 _aMinorities
700 _aIndia. Ministry of Home Affairs. High Power Panel on Minorities, Scheduled Castes, Scheduled Tribes and other Weaker Sections
999 _c487803
_d487803